[Event "IIFL Wealth  4th Mumbai Junior U-13"]
[Site "Mumbai"]
[Date "2019.01.03"]
[Round "5"]
[White "Laddha, Shubh Jayesh"]
[Black "Amrit Raunak"]
[Result "1-0"]
[WhiteElo "1567"]
[BlackElo "1410"]
[Annotator "NA"]
[PlyCount "101"]
[EventDate "2018.12.30"]
[EventType "swiss"]
[EventCountry "IND"]
[SourceTitle "playchess.com"]
[Source "ChessBase"]
[SourceQuality "1"]
[TimeControl "40/5400+30:1800+30"]

1. e4 {[%emt 0:00:00]} e5 {[%emt 0:00:00]} 2. Nf3 {[%emt 0:00:00]} Nc6 {[%emt 0:00:00]} 3. Bb5 {[%emt 0:00:00]} a6 {[%emt 0:00:00]} 4. Ba4 {[%emt 0:00:00]} b5 {[%emt 0:00:00]} 5. Bb3 {[%emt 0:00:00]} Nf6 {[%emt 0:00:00]} 6. O-O {[%emt 0:00:00]} Bc5 {[%emt 0:00:01]} 7. a4 {[%emt 0:00:50]} b4 {[%emt 0:02:37]} 8. d3 {[%emt 0:05:28]} h6 {[%emt 0:00:07]} 9. h3 {[%emt 0:04:24]} d6 {[%emt 0:00:06]} 10. c3 {[%emt 0:14:41]} a5 {[%emt 0:00:43]} 11. d4 {[%emt 0:05:14]} exd4 {[%emt 0:01:46]} 12. cxd4 {[%emt 0:00:50]} Bb6 {[%emt 0:00:08]} 13. Re1 {[%emt 0:02:05]} O-O {[%emt 0:00:17]} 14. Bc2 {[%emt 0:10:18]} Bb7 {[%emt 0:08:43]} 15. e5 {[%emt 0:14:04]} dxe5 {[%emt 0:00:49]} 16. dxe5 {[%emt 0:02:07]} Qxd1 {[%emt 0:00:16]} 17. Rxd1 {[%emt 0:00:20]} Nh7 {[%emt 0:00:05]} 18. Bf4 {[%emt 0:20:44]} Rfd8 {[%emt 0:00:20]} 19. Nbd2 {[%emt 0:06:18]} Nf8 {[%emt 0:00:52]} 20. Nc4 {[%emt 0:05:45]} Bc5 {[%emt 0:00:38]} 21. Be4 {[%emt 0:03:12]} Ne6 {[%emt 0:01:44]} 22. Bg3 {[%emt 0:00:24]} Rxd1+ {[%emt 0:05:24]} 23. Rxd1 {[%emt 0:00:07]} Ncd8 {[%emt 0:00:08]} 24. Bxb7 {[%emt 0:01:02]} Nxb7 {[%emt 0:00:06]} 25. Rd7 {[%emt 0:03:05]} Rd8 {[%emt 0:00:11]} 26. Rxd8+ {[%emt 0:00:06]} Nexd8 {[%emt 0:00:04]} 27. Nfd2 {[%emt 0:00:52]} Nc6 {[%emt 0:00:15]} 28. Nb3 {[%emt 0:00:49]} Kf8 {[%emt 0:02:04]} 29. e6 {[%emt 0:00:39]} Bd6 {[%emt 0:01:07]} 30. Bxd6+ {[%emt 0:00:54]} cxd6 {[%emt 0:00:09]} 31. exf7 {[%emt 0:00:19]} Kxf7 {[%emt 0:00:06]} 32. Kf1 {[%emt 0:00:50]} Ke6 {[%emt 0:00:05]} 33. Ke2 {[%emt 0:00:09]} Kd5 {[%emt 0:00:17]} 34. Kd3 {[%emt 0:00:09]} Ne5+ {[%emt 0:00:19]} 35. Nxe5 {[%emt 0:00:07]} dxe5 {[%emt 0:00:04]} 36. f3 {[%emt 0:00:29]} g6 {[%emt 0:01:47]} 37. g3 {[%emt 0:00:07]} Nc5+ {[%emt 0:00:57]} 38. Nxc5 {[%emt 0:00:06]} Kxc5 {[%emt 0:00:05]} 39. b3 {[%emt 0:01:14]} Kd5 {[%emt 0:00:27]} 40. h4 {[%emt 0:00:00]} h5 {[%emt 0:00:00]} 41. g4 {[%emt 0:10:00]} Kd6 {[%emt 0:01:16]} 42. Kc4 {[%emt 0:03:36]} hxg4 {[%emt 0:01:24]} 43. fxg4 {[%emt 0:00:04]} Ke6 {[%emt 0:00:09]} 44. Kc5 {[%emt 0:00:56]} Ke7 {[%emt 0:00:28]} 45. Kd5 {[%emt 0:00:28]} Kf6 {[%emt 0:00:09]} 46. Ke4 {[%emt 0:01:24]} Ke6 {[%emt 0:00:11]} 47. h5 {[%emt 0:00:14]} gxh5 {[%emt 0:00:13]} 48. gxh5 {[%emt 0:00:04]} Kf6 {[%emt 0:00:05]} 49. h6 {[%emt 0:00:05]} Kg6 {[%emt 0:00:04]} 50. Kxe5 {[%emt 0:00:16]} Kxh6 {[%emt 0:00:11]} 51. Kd5 {[%emt 0:00:03]} 1-0

[Event "IIFL Wealth  4th Mumbai Junior U-13"]
[Site "Mumbai"]
[Date "2019.01.03"]
[Round "5"]
[White "Sarvade Mihiir"]
[Black "Tawade Arnav"]
[Result "1-0"]
[WhiteElo "1563"]
[BlackElo "1285"]
[Annotator "NA"]
[PlyCount "106"]
[EventDate "2018.12.30"]
[EventType "swiss"]
[EventCountry "IND"]
[SourceTitle "playchess.com"]
[Source "ChessBase"]
[SourceQuality "1"]
[TimeControl "40/5400+30:1800+30"]

1. d4 {[%emt 0:00:00]} d5 {[%emt 0:00:00]} 2. c4 {[%emt 0:00:00]} c6 {[%emt 0:00:00]} 3. Nf3 {[%emt 0:00:28]} Nf6 {[%emt 0:00:00]} 4. e3 {[%emt 0:01:46]} e6 {[%emt 0:00:20]} 5. Nbd2 {[%emt 0:00:06]} Nbd7 {[%emt 0:01:52]} 6. Bd3 {[%emt 0:00:10]} dxc4 {[%emt 0:05:11]} 7. Nxc4 {[%emt 0:01:19]} b5 {[%emt 0:03:49]} 8. Nce5 {[%emt 0:02:47]} Nxe5 {[%emt 0:06:32]} 9. Nxe5 {[%emt 0:05:14]} Bb7 {[%emt 0:07:20]} 10. a4 {[%emt 0:21:08]} a6 {[%emt 0:05:37]} 11. O-O {[%emt 0:15:26]} Be7 {[%emt 0:05:59]} 12. Bd2 {[%emt 0:09:12]} O-O {[%emt 0:01:19]} 13. b4 {[%emt 0:03:55]} Bd6 {[%emt 0:18:35]} 14. Qc2 {[%emt 0:13:03]} Rc8 {[%emt 0:03:37]} 15. a5 {[%emt 0:01:07]} h6 {[%emt 0:04:37]} 16. f4 {[%emt 0:01:14]} Qc7 {[%emt 0:11:43]} 17. Qd1 {[%emt 0:07:08]} Rce8 {[%emt 0:09:37]} 18. Qe1 {[%emt 0:02:59]} Qe7 {[%emt 0:01:38]} 19. Rb1 {[%emt 0:03:54]} Nd5 {[%emt 0:02:16]} 20. e4 {[%emt 0:01:08]} Nf6 {[%emt 0:00:48]} 21. Qg3 {[%emt 0:01:22]} Nh5 {[%emt 0:01:53]} 22. Qh3 {[%emt 0:01:10]} Nf6 {[%emt 0:00:08]} 23. Nf3 {[%emt 0:03:20]} Bb8 {[%emt 0:01:38]} 24. Rfe1 {[%emt 0:01:49]} Bc8 {[%emt 0:02:14]} 25. Ne5 {[%emt 0:01:12]} Bb7 {[%emt 0:00:20]} 26. g4 {[%emt 0:00:17]} Nd7 {[%emt 0:00:42]} 27. Nxd7 {[%emt 0:01:25]} Qxd7 {[%emt 0:00:04]} 28. Be3 {[%emt 0:00:31]} Ba7 {[%emt 0:00:20]} 29. Rbd1 {[%emt 0:00:48]} Bxd4 {[%emt 0:00:26]} 30. Bxb5 {[%emt 0:00:15]} Bxe3+ {[%emt 0:00:18]} 31. Qxe3 {[%emt 0:00:17]} Qe7 {[%emt 0:00:37]} 32. Bd3 {[%emt 0:00:29]} Qxb4 {[%emt 0:00:12]} 33. Rb1 {[%emt 0:00:26]} Qe7 {[%emt 0:00:06]} 34. Qa7 {[%emt 0:00:41]} Bc8 {[%emt 0:01:41]} 35. Qb6 {[%emt 0:00:31]} Qd6 {[%emt 0:00:24]} 36. Qe3 {[%emt 0:00:38]} Rd8 {[%emt 0:00:28]} 37. Red1 {[%emt 0:00:36]} Qd4 {[%emt 0:00:22]} 38. Kf2 {[%emt 0:00:34]} Qxe3+ {[%emt 0:00:56]} 39. Kxe3 {[%emt 0:00:02]} Rd7 {[%emt 0:01:18]} 40. Bc2 {[%emt 0:00:00]} Rxd1 41. Rxd1 Bb7 {[%emt 0:03:59]} 42. Rb1 {[%emt 0:05:10]} Bc8 {[%emt 0:07:27]} 43. Rb8 {[%emt 0:09:20]} Bd7 {[%emt 0:05:26]} 44. Rxf8+ {[%emt 0:01:14]} Kxf8 {[%emt 0:00:07]} 45. Kd4 {[%emt 0:00:31]} c5+ {[%emt 0:11:29]} 46. Kxc5 {[%emt 0:01:27]} Bb5 {[%emt 0:00:40]} 47. Kd6 {[%emt 0:10:59]} g6 {[%emt 0:06:06]} 48. Bd1 {[%emt 0:01:53]} Ke8 {[%emt 0:02:01]} 49. g5 {[%emt 0:01:13]} hxg5 {[%emt 0:01:36]} 50. fxg5 {[%emt 0:00:01]} Kd8 {[%emt 0:00:33]} 51. h4 {[%emt 0:00:28]} Ke8 {[%emt 0:00:30]} 52. h5 {[%emt 0:01:20]} gxh5 {[%emt 0:00:07]} 53. Bxh5 {[%emt 0:00:01]} Kf8 {[%emt 0:00:23]} 1-0

[Event "IIFL Wealth  4th Mumbai Junior U-13"]
[Site "Mumbai"]
[Date "2019.01.03"]
[Round "5"]
[White "Adireddy Tarun"]
[Black "Adreeja Sinha"]
[Result "1-0"]
[WhiteElo "1553"]
[BlackElo "1366"]
[Annotator "NA RC"]
[PlyCount "73"]
[EventDate "2018.12.30"]
[EventType "swiss"]
[EventCountry "IND"]
[SourceTitle "playchess.com"]
[Source "ChessBase"]
[SourceQuality "1"]
[TimeControl "40/5400+30:1800+30"]

1. d4 {[%emt 0:00:00]} d5 {[%emt 0:00:00]} 2. c4 {[%emt 0:00:00]} c6 {[%emt 0:00:00]} 3. Nc3 {[%emt 0:00:00]} Nf6 {[%emt 0:00:03]} 4. e3 {[%emt 0:00:02]} e6 {[%emt 0:01:05]} 5. Nf3 {[%emt 0:00:13]} Be7 {[%emt 0:00:47]} 6. Qc2 {[%emt 0:07:04]} Nbd7 {[%emt 0:05:22]} 7. b3 {[%emt 0:03:30]} dxc4 {[%emt 0:06:33]} 8. bxc4 {[%emt 0:00:58]} Nb6 {[%emt 0:00:49]} 9. e4 {[%emt 0:17:13]} Bb4 {[%emt 0:09:07]} 10. Bd2 {[%emt 0:14:21]} c5 {[%emt 0:04:19]} 11. d5 {[%emt 0:01:00]} exd5 {[%emt 0:02:33]} 12. exd5 {[%emt 0:00:34]} Qe7+ {[%emt 0:05:26]} 13. Kd1 {[%emt 0:13:40]} Ng4 {[%emt 0:17:46]} 14. Be1 {[%emt 0:06:45]} Qf6 {[%emt 0:06:50]} 15. Rc1 {[%emt 0:01:22]} Bf5 16. Bd3 {[%emt 0:02:14]} Bg6 {[%emt 0:22:50]} 17. Ne4 {[%emt 0:02:25]} Bxe4 {[%emt 0:01:20]} 18. Bxe4 {[%emt 0:00:12]} Ba3 {[%emt 0:03:53]} 19. Rb1 {[%emt 0:03:44]} Kf8 {[%emt 0:03:08]} 20. h3 {[%emt 0:12:57]} Nh6 {[%emt 0:01:37]} 21. Bc3 {[%emt 0:01:13]} Qe7 {[%emt 0:01:12]} 22. Re1 {[%emt 0:00:39]} Qd7 {[%emt 0:01:05]} 23. Qd2 {[%emt 0:05:33]} Nxc4 {[%emt 0:01:51]} 24. Bxg7+ {[%emt 0:00:08]} Kxg7 {[%emt 0:01:35]} 25. Qg5+ {[%emt 0:00:01]} Kf8 {[%emt 0:00:19]} 26. Qxh6+ {[%emt 0:00:04]} Kg8 {[%emt 0:00:24]} 27. Qg5+ {[%emt 0:04:31]} Kf8 {[%emt 0:00:06]} 28. Qh6+ {[%emt 0:00:05]} Kg8 {[%emt 0:00:09]} 29. Rb3 {[%emt 0:00:04]} f5 {[%emt 0:01:57]} 30. Nh4 {[%emt 0:01:09]} Qa4 {[%emt 0:01:07]} 31. Nxf5 {[%emt 0:01:12]} Nb2+ {[%emt 0:00:39]} 32. Kc2 {[%emt 0:00:30]} Qd7 {[%emt 0:00:46]} 33. Rg3+ {[%emt 0:00:17]} Kf7 {[%emt 0:00:06]} 34. Qg7+ {[%emt 0:00:22]} Ke8 {[%emt 0:00:06]} 35. Qxh8+ {[%emt 0:00:08]} Kf7 {[%emt 0:00:08]} 36. Qg7+ {[%emt 0:00:08]} Ke8 {[%emt 0:00:05]} 37. Qg8# {[%emt 0:00:04] Qd8 Qg5} 1-0

[Event "IIFL Wealth  4th Mumbai Junior U-13"]
[Site "Mumbai"]
[Date "2019.01.03"]
[Round "5"]
[White "Bajaj Prakhar"]
[Black "Sushanth Kamabathula"]
[Result "1/2-1/2"]
[WhiteElo "1551"]
[BlackElo "1267"]
[Annotator "NA"]
[PlyCount "36"]
[EventDate "2018.12.30"]
[EventType "swiss"]
[EventCountry "IND"]
[SourceTitle "playchess.com"]
[Source "ChessBase"]
[SourceQuality "1"]
[TimeControl "40/5400+30:1800+30"]

1. e4 {[%emt 0:00:00]} e5 {[%emt 0:00:43]} 2. Nf3 {[%emt 0:00:22]} Nc6 {[%emt 0:00:27]} 3. Bb5 {[%emt 0:00:01]} a6 {[%emt 0:00:16]} 4. Ba4 {[%emt 0:00:02]} Nf6 {[%emt 0:00:31]} 5. O-O {[%emt 0:00:04]} Be7 {[%emt 0:00:33]} 6. Re1 {[%emt 0:00:02]} d6 {[%emt 0:00:35]} 7. c3 {[%emt 0:00:10]} b5 {[%emt 0:01:44]} 8. Bb3 {[%emt 0:00:04]} Bg4 {[%emt 0:02:21]} 9. d3 {[%emt 0:00:42]} O-O {[%emt 0:05:47]} 10. Nbd2 {[%emt 0:00:41]} Na5 {[%emt 0:01:43]} 11. Bc2 {[%emt 0:00:30]} c5 {[%emt 0:00:01]} 12. h3 {[%emt 0:00:02]} Bh5 {[%emt 0:00:17]} 13. Nf1 {[%emt 0:00:00]} Nc6 {[%emt 0:00:22]} 14. Ng3 {[%emt 0:02:17]} Bg6 {[%emt 0:00:10]} 15. Nf5 {[%emt 0:04:27]} Bxf5 {[%emt 0:01:22]} 16. exf5 {[%emt 0:00:13]} Qc7 {[%emt 0:00:12]} 17. g4 {[%emt 0:01:20]} d5 {[%emt 0:08:50]} 18. g5 {[%emt 0:06:52]} Nd7 {[%emt 0:00:10]} 1/2-1/2

[Event "IIFL Wealth  4th Mumbai Junior U-13"]
[Site "Mumbai"]
[Date "2019.01.03"]
[Round "5"]
[White "Mahi Amit Doshi"]
[Black "Pranav Vijay"]
[Result "0-1"]
[WhiteElo "1551"]
[BlackElo "2265"]
[Annotator "TA"]
[PlyCount "91"]
[EventDate "2018.12.30"]
[EventType "swiss"]
[EventCountry "IND"]
[SourceTitle "playchess.com"]
[Source "ChessBase"]
[SourceQuality "1"]

{[%evp 15,91,7,7,-15,-8,-18,-17,-10,-6,-10,0,-14,0,0,0,0,0,-3,9,6,101,85,114,116,132,120,152,127,148,119,145,76,110,45,48,27,48,46,94,15,12,0,0,0,16,8,26,-47,-23,-29,-20,-30,0,-166,-166,-220,-220,-261,-261,-380,-386,-369,-369,-502,-493,-493,-478,-460,-408,-460,-460,-443,-390,-440,-439,-551,-549,-562]} 1. d4 b6 2. Nf3 Bb7 3. Bf4 Nf6 4. Nbd2 g6 5. e3 Bg7 6. Be2 O-O 7. O-O d6 8. c3 Nbd7 {LiveBook: 4 Games} 9. Re1 {A47: 1 d4 Nf6 2 Nf3 b6: Torre, London and Colle Systems} Re8 (9... c5 10. a4 a6 11. Bd3 h6 12. h3 Qc7 13. e4 cxd4 14. cxd4 Rac8 15. Bh2 e5 16. Qe2 a5 {1-0 (31) Proleiko,J (2119)-Beletsky,A (2374) Moscow 2018}) 10. Nc4 Ne4 11. h3 {The position is equal.} e5 12. Bh2 Qe7 13. Qc2 $146 ({Predecessor:} 13. dxe5 dxe5 14. Qb3 a6 15. Rad1 Rad8 16. Ncd2 Nxd2 17. Nxd2 Nc5 {½-½ (35) Novak,B (1738)-Czegledi,B (1849) Hungary 2012}) 13... Ng5 14. Nxg5 Qxg5 {[%csl Gb7][%cal Rg5g2]} 15. Bg3 h5 {Strongly threatening ...h4.} 16. Bf1 e4 17. a4 {[%cal Ba2a4,Ba4a5,Ba5a6][%mdl 32]} f5 (17... a6 $11 {remains equal.}) 18. a5 Rab8 19. a6 Bd5 {[#]} 20. Na3 $1 h4 21. Bh2 Qd8 22. Nb5 Ra8 23. Qa4 ({White should try} 23. b4) 23... Kh7 24. Bc4 (24. c4 $16 Bc6 25. Qd1) 24... Bc6 $1 $14 25. d5 Nc5 26. Qc2 Bd7 27. b4 (27. Nd4 $16) 27... Nd3 $11 28. Reb1 Ne5 $1 {[%cal Re5c4]} 29. Be2 Rg8 30. Nd4 Qe7 31. Kf1 ({Better is} 31. Rf1 $11) 31... Qf7 $36 {[%mdl 2048] Black is more active.} 32. Rd1 Rgf8 33. Rab1 Qxd5 34. f4 $2 (34. Nf3 $11 Nd3 35. c4) 34... Nc4 $19 35. Bxc4 (35. Kf2 $142) 35... Qxc4+ {[%mdl 64] [#] Double Attack} 36. Qe2 Qxe2+ ({Worse is} 36... Qxc3 37. Rb3 $11) 37. Kxe2 (37. Nxe2 $142 Bb5 38. Rbc1) 37... c5 38. bxc5 dxc5 39. Nc2 Ba4 40. Rdc1 Bxc3 41. Na3 Bf6 42. Nc4 Rfd8 43. Bg1 Bd7 44. Bf2 Bc8 45. Rb3 Bxa6 46. Ke1 {Accuracy: White = 47%, Black = 47%.} 0-1

[Event "IIFL Wealth  4th Mumbai Junior U-13"]
[Site "Mumbai"]
[Date "2019.01.03"]
[Round "5"]
[White "Jain Adi"]
[Black "Divya Deshmukh"]
[Result "0-1"]
[WhiteElo "1545"]
[BlackElo "2190"]
[Annotator "TA"]
[PlyCount "92"]
[EventDate "2018.12.30"]
[EventType "swiss"]
[EventCountry "IND"]
[SourceTitle "playchess.com"]
[Source "ChessBase"]
[SourceQuality "1"]

{[%evp 20,92,34,25,49,51,45,36,42,9,33,29,35,15,65,73,64,62,71,81,100,24,31,26,24,24,43,35,56,-17,-11,-17,-15,-58,-58,-67,-57,-106,-113,-104,-79,-91,-55,-95,-68,-71,-65,-120,-118,-129,-141,-316,-320,-319,-316,-304,-143,-136,-122,-271,-276,-275,-247,-287,-239,-378,-354,-389,-335,-429,-380,-476,-473,-465,-462]} 1. Nf3 Nf6 2. c4 g6 3. Nc3 d5 4. cxd5 Nxd5 5. d4 Bg7 6. Qa4+ Bd7 7. Qb3 Nb6 8. e3 O-O 9. Be2 Be6 10. Qd1 Nc6 11. O-O {LiveBook: 4 Games} Bc4 {D94: Grünfeld: 4 Nf3 Bg7 5 e3} 12. Bxc4 Nxc4 13. b3 Nb6 {[#] White is slightly better.} 14. Bb2 $146 ({Predecessor:} 14. Ba3 Re8 15. Rc1 a5 16. Na4 Nxa4 17. bxa4 e5 18. Qb3 Rb8 19. d5 {1-0 (53) Gelashvili,T (2605)-Ramesh,R (2453) Dubai 2007}) 14... a5 15. Ne4 a4 16. Nc5 a3 17. Bc3 ({Don't blunder} 17. Nxb7 $2 Qc8 $19) 17... Nd5 18. Rc1 b6 19. Nd3 Qd6 20. Ba1 ({White should play} 20. Qc2 $16) 20... Ncb4 21. Nxb4 Nxb4 22. Qe2 Rfd8 23. Bc3 Nd5 24. Qc2 ({White should try} 24. Bd2 $1 $14) 24... c5 $11 25. dxc5 Qxc5 26. Bxg7 {[#] aiming for Qe4.} Qxc2 27. Rxc2 {And now Bd4 would win.} Kxg7 28. Rc4 Rdc8 29. Rd4 e6 30. Rd2 Nb4 31. Ra1 Rc5 32. Kf1 Rac8 33. Ke2 (33. Ne1 $1 $15) 33... Rc2 $17 34. Nd4 Rb2 35. Rxb2 $2 {[#]} (35. Kd1 $17) 35... axb2 {[%mdl 4096] Endgame KRN-KRN} 36. Rb1 e5 ({Worse is} 36... Nxa2 37. Rxb2 Nb4 38. g3 $11) 37. a3 Nd5 (37... exd4 $19 {is more deadly.} 38. axb4 Rc2+ 39. Kd3 Rxf2 40. exd4 Rxg2) 38. Nb5 Rc5 39. Rxb2 (39. e4 $17 {is the only way for White.}) 39... Rxb5 {KRN-KR} 40. b4 {e4 would now be nice for White.} Nf6 41. Rd2 Rd5 42. Rc2 (42. a4 {might work better.}) 42... Rd7 $19 43. Rc6 b5 44. Rb6 Nd5 45. Rb8 Nc3+ 46. Kf3 Ra7 {Accuracy: White = 32%, Black = 51%.} 0-1

[Event "IIFL Wealth  4th Mumbai Junior U-13"]
[Site "Mumbai"]
[Date "2019.01.03"]
[Round "5"]
[White "Kshatriya Nitin Vekhande"]
[Black "Pranesh M"]
[Result "0-1"]
[WhiteElo "1544"]
[BlackElo "2125"]
[Annotator "TA"]
[PlyCount "118"]
[EventDate "2018.12.30"]
[EventType "swiss"]
[EventCountry "IND"]
[SourceTitle "playchess.com"]
[Source "ChessBase"]
[SourceQuality "1"]

{[%evp 22,117,0,7,6,-291,-292,-586,-579,-605,-614,-621,-518,-523,-516,-514,-518,-510,-517,-516,-511,-613,-616,-634,-630,-654,-630,-756,-737,-751,-757,-743,-736,-714,-613,-605,-575,-605,-605,-605,-605,-647,-614,-611,-603,-677,-675,-764,-754,-835,-831,-926,-832,-4910,-4431,-1400,-1031,-29969,-29971,-6032,-5824,-5908,-5924,-29981,-29982,-29982,-29983,-29983,-29984,-29984,-29985,-29985,-29986,-29986,-29987,-29989,-29989,-29990,-29988,-29988,-29989,-29989,-29990,-29990,-29991,-29992,-29992,-29995,-29995,-29996,-29995,-29997,-29996,-29997,-29994,-29998,-29999,-29999]} 1. e4 e5 2. Nf3 Nc6 3. Bb5 Nf6 4. d3 Bc5 5. c3 d6 6. O-O O-O 7. h3 Ne7 {C65: Ruy Lopez: Berlin Defence (3...Nf6), unusual lines and 4 0-0 Bc5} 8. Ba4 Ng6 9. Re1 Bb6 10. Nbd2 c6 11. Nf1 h6 12. Ng3 {LiveBook: 6 Games} Re8 13. Kh1 $146 {[%mdl 8192]} (13. d4 $11 {and White is okay.}) ({Predecessor:} 13. d4 Qc7 14. Bc2 Be6 {0-1 (44) Dominguez Perez,L (2708)-Alekseev,E (2708) Biel 2008}) 13... Bxf2 $19 {[%mdl 64] [#] Double Attack} 14. Rf1 $2 (14. Nf1) 14... Bxg3 15. Nh2 d5 16. Qf3 Bxh2 17. Kxh2 dxe4 18. dxe4 Be6 19. Bc2 Qe7 20. Be3 b6 21. g4 Nh7 22. Rf2 Rad8 23. Raf1 Bc4 24. Bb3 Bxb3 25. axb3 {[#]} Nf4 $1 26. Bxf4 exf4 27. Qxf4 Nf6 28. Re2 Qe5 29. Kg2 Qxf4 30. Rxf4 Nd7 31. h4 Nc5 32. b4 Nd3 33. Rf3 g5 34. Kg1 Nf4 35. Re1 Rd2 36. hxg5 hxg5 37. b3 Kg7 38. Ree3 Rh8 {( -> ...Rg2+)} 39. Rxf4 gxf4 40. Rf3 Rd1+ 41. Kg2 Rhh1 42. Rxf4 Rdg1+ {Black mates.} 43. Kf3 Rf1+ 44. Kg3 Rhg1+ 45. Kh2 Rxf4 46. Kxg1 Rxg4+ 47. Kf2 Rxe4 {[%mdl 4096] Endgame KR-K3P} 48. c4 f5 49. Kf3 Kf6 50. c5 Rxb4 51. cxb6 axb6 {[%cal Ba7b6,Bb6b5][%mdl 32] KR-KP} 52. Ke3 Ke5 53. Kd3 Rxb3+ {KR-K} 54. Kc4 Re3 {[%cal Bb3e3,Be3e7,Be7a7][%mdl 32]} 55. Kb4 Kd4 56. Ka4 b5+ 57. Ka5 Kc5 {[%cal Re3a3]} 58. Ka6 Re7 59. Ka5 Ra7# {Accuracy: White = 16%, Black = 86%.} 0-1

[Event "IIFL Wealth  4th Mumbai Junior U-13"]
[Site "Mumbai"]
[Date "2019.01.03"]
[Round "5"]
[White "Rushyendra Chowdary Kantipudi"]
[Black "Kadam Om Manish"]
[Result "0-1"]
[WhiteElo "1527"]
[BlackElo "1944"]
[Annotator "NA RC"]
[PlyCount "92"]
[EventDate "2018.12.30"]
[EventType "swiss"]
[EventCountry "IND"]
[SourceTitle "playchess.com"]
[Source "ChessBase"]
[SourceQuality "1"]
[TimeControl "40/5400+30:1800+30"]

1. e4 {[%emt 0:00:00]} c5 {[%emt 0:00:00]} 2. Nf3 {[%emt 0:00:00]} d6 {[%emt 0:00:00]} 3. d4 {[%emt 0:00:21]} cxd4 {[%emt 0:00:00]} 4. Qxd4 {[%emt 0:00:10]} a6 {[%emt 0:02:15]} 5. Bc4 {[%emt 0:03:27] LiveBook: 44 Games} Nc6 {[%emt 0:01:22] B53: Sicilian: 2...d6: Lines with Qxd4} 6. Qe3 {[%emt 0:08:28]} (6. Qd3 e6 7. Nc3 Nf6 8. Bf4 Be7 9. O-O-O Ng4 10. Rhf1 Na5 11. h3 Nf6 12. Bb3 Nxb3+ 13. axb3 {1-0 (27) Zhigalko,S (2656)-Nepomniachtchi,I (2705) Berlin 2015}) 6... e6 {[%emt 0:01:44]} 7. Nc3 {[%emt 0:00:25]} Nf6 {[%emt 0:00:44]} 8. h3 {[%emt 0:01:00]} Be7 {[%emt 0:00:46]} 9. Nd4 $146 {[%emt 0:01:19]} ({Predecessor:} 9. O-O O-O 10. Rd1 Qc7 11. Nh4 Na5 12. Be2 b5 {0-1 (42) Duran Ladino,J-Ruiz Jaraba,G (1773) Palmira 2017}) 9... O-O {[%emt 0:04:09]} 10. Bd2 {[%emt 0:02:13]} Bd7 {[%emt 0:19:10]} 11. g4 {[%emt 0:08:10] [#]} (11. Nf3 $11) 11... d5 $1 {[%emt 0:03:29]} 12. Bd3 {[%emt 0:07:33]} e5 {[%emt 0:12:42]} 13. Nxc6 {[%emt 0:05:37]} Bxc6 {[%emt 0:04:46]} 14. exd5 {[%emt 0:03:20]} Nxd5 {[%emt 0:00:11]} 15. Nxd5 {[%emt 0:02:41]} Qxd5 {[%emt 0:02:14]} 16. Rg1 {[%emt 0:05:05]} Rad8 {[%emt 0:09:16]} 17. Bc3 {[%emt 0:12:18]} Bc5 {[%emt 0:10:55]} 18. Qg3 {[%emt 0:11:21]} e4 {[%emt 0:03:54]} 19. Be2 {[%emt 0:00:54]} e3 {[%emt 0:03:04]} 20. fxe3 {[%emt 0:15:41]} Bxe3 {[%emt 0:03:02]} 21. Qxe3 {[%emt 0:05:04]} Rfe8 {[%emt 0:00:11]} 22. Qd4 {[%emt 0:00:40] [#]} Rxe2+ $1 {[%emt 0:01:04] Remove Defender} 23. Kd1 {[%emt 0:03:45]} Qxd4+ {[%emt 0:00:21]} 24. Bxd4 {[%emt 0:00:07]} Bf3 {[%emt 0:00:03]} 25. c3 {[%emt 0:01:09]} Rg2+ {[%emt 0:00:08]} 26. Ke1 {[%emt 0:00:17]} Rxb2 27. Rg3 Re8+ {[%emt 0:05:42]} 28. Kf1 {[%emt 0:00:48]} Bd5 {[%emt 0:02:30]} 29. Re3 {[%emt 0:01:05]} Rxe3 30. Bxe3 Bxa2 {[%emt 0:01:04]} 31. Rd1 {[%emt 0:01:27]} Bc4+ {[%emt 0:00:10]} 32. Kg1 h6 {[%emt 0:00:46]} 33. Rd2 {[%emt 0:00:15]} Rxd2 {[%emt 0:01:31]} 34. Bxd2 {[%emt 0:00:06]} a5 {[%emt 0:00:14]} 35. Be3 Kf8 {[%emt 0:00:51]} 36. Bb6 {[%emt 0:00:24]} a4 {[%emt 0:00:03]} 37. Bc5+ {[%emt 0:00:05]} Ke8 {[%emt 0:00:07]} 38. Kf2 {[%emt 0:00:05]} Kd7 {[%emt 0:00:28]} 39. Ke3 {[%emt 0:00:15]} Ke6 40. h4 {[%emt 0:00:00]} g6 {[%emt 0:00:00]} 41. Kf4 $19 {[%emt 0:01:38]} Kd5 {[%emt 0:02:08]} 42. Bb4 {[%emt 0:00:43]} Bf1 {[%emt 0:01:28]} 43. g5 {[%emt 0:01:23]} hxg5+ {[%emt 0:00:19]} 44. hxg5 {[%emt 0:00:10]} Kc4 {[%emt 0:00:06]} 45. Ke3 {[%emt 0:01:48]} Kb3 {[%emt 0:00:03]} 46. Kd2 {[%emt 0:02:41]} a3 {[%emt 0:00:24]} 0-1